000 00453nam a2200133Ia 4500
008 221007s9999 xx 000 0 und d
041 _aeng
082 _bWAN
100 _aWani Kalyani S - 2k141093; Prof. Archana Tatkar - Guide & [Company Name] - E-Zest Solutions Ltd.
_9103742
245 _aHiring For International Clients - Global Talent Acquisition
260 _cSep-15
_bSavitribai Phule Pune University
_aPune
300 _a54p
906 _bGeneral
999 _c75075
_d75075